000 00369nam a2200157Ia 4500
003 OSt
005 20240219103645.0
008 170524s9999 xx 000 0 und d
020 _a978-9332555082
040 _cIIMT UNIVERSSITY MEERUT
100 _aStreetman Beng
245 0 _aSolid State Electronic Devices
260 _bPearson
260 _c2008
942 _2ddc
_c02
999 _c4812
_d4812